header

Publish/subscribe systems (Record no. 78277)

MARC details
000 -LEADER
fixed length control field 01370nam a2200337 a 4500
082 04 - DEWEY DECIMAL CLASSIFICATION NUMBER
Classification number 006.7/876
100 1# - MAIN ENTRY--AUTHOR NAME
Personal name Tarkoma, Sasu.
245 10 - TITLE STATEMENT
Title Publish/subscribe systems
260 ## - PUBLICATION, DISTRIBUTION, ETC. (IMPRINT)
Place of publication Chichester, West Sussex :
Name of publisher Wiley,
Year of publication 2012.
300 ## - PHYSICAL DESCRIPTION
Number of Pages xii, 341 p. :
Other physical details ill.
490 1# - SERIES STATEMENT
Series statement Wiley series in communications networking & distributed services
650 #0 - SUBJECT ADDED ENTRY--TOPICAL TERM
Topical Term Push technology (Computer networks)
856 40 - ELECTRONIC LOCATION AND ACCESS
Uniform Resource Identifier http://site.ebrary.com/lib/rucke/Doc?id=10575668

No items available.

© 2026 Rongo University
Contact us: librarian | system librarian | Rongo university